1715 1410 1202 1629 1845 1211 1350 1076 1679 1204 1379 1444 1877 1071 1509 1316 1322 1440 1063 1800 1150 1253 1612 1632 1853 1025 1772 1490 1255 1967 1789 1989 1009 1637 1497 1982 1448 1148 1563 1349 1617 1648 1845 1038 1699 1864 1288 1599 1280 1370 1672 1425 1586 1179 1355 1565 1904 1362 1350 1848 1405 1536 1563 1990 1371 1620 1711 1162 1620 1445 1870 1948 1223 1522 1711 1622 1081 1809 1294 1486 1157 1707 1152 1164 1210 1748 1620 1855 1006 1416 1747 1832 1197 1471 1439 1156 1064 1465 1732 BCNSPRNW ULIB Ver.6.0+V

เปลี่ยนเป็นภาษาไทย

Change to English
 แสดงรายละเอียดบรรณานุกรม
  กลับหน้าหลัก

Brief Record : Get Marc (ISO 2709) : E-mail record : QR code < ปิดหน้าต่าง
LEADER : 00000nam 2200000uu 4500
001    13399127251
003     ULIB
008    200303s2562||||th 000 0 tha d
020    ^a9786164220386
060    ^aWS300 T355
100    ^aชาญชัย ไตรวารี, บรรณาธิการ
245    ^aTextbook of benign hematological disorders in children & adolescents (ตำราโลหิตวิทยาในเด็กและวัยรุ่น)
260    ^aกรุงเทพฯ :^bโครงการตำราวิทยาลัยแพทยศาสตร์พระมงกุฎเกล้า,^c2562
300    ^a396 หน้า :^bภาพประกอบ ;^c26 ซม.
650    ^aHematologic diseases
650    ^aChildren
650    ^aเลือด -- โรค -- ในวัยทารกและวัยเด็ก
650    ^aเลือด -- โรค -- ในวัยรุ่น
945    ^p600^l0^i27933
945    ^p600^l0^i27934
945    ^p600^l0^i27935
945    ^p600^l0^i27936
945    ^p600^l0^i27937
999    ^aกัณชพร จุลอักษร
รายการนี้ยังไม่มีแท็ก
คุณยังไม่ได้ล็อกอิน คุณสามารถมีกิจกรรมร่วมกับเว็บไซต์ได้ แต่ต้องล็อกอินก่อน ::
  ล็อกอิน

รายการสื่อสารสนเทศ

ลำดับที่ ประเภท เลขเรียก/บาร์โค้ด สถานที่ สถานะ
1. หนังสือสำรอง
หนังสือสำรอง
WS300 T355 ฉ.1 
  Barcode: 27933
ห้องสมุดวิทยาเขตนครสวรรค์
►หนังสือทั่วไป:l:General Books
บนชั้น
2. วิทยาศาสตร์การแพทย์ และสุขภาพ
วิทยาศาสตร์การแพทย์ และสุขภาพ
WS300 T355 ฉ.2 
  Barcode: 27934
ห้องสมุดวิทยาเขตนครสวรรค์
►หนังสือทั่วไป:l:General Books
บนชั้น
3. วิทยาศาสตร์การแพทย์ และสุขภาพ
วิทยาศาสตร์การแพทย์ และสุขภาพ
WS300 T355 ฉ.3 
  Barcode: 27935
ห้องสมุดวิทยาเขตนครสวรรค์
►หนังสือทั่วไป:l:General Books
บนชั้น
4. วิทยาศาสตร์การแพทย์ และสุขภาพ
วิทยาศาสตร์การแพทย์ และสุขภาพ
WS300 T355 ฉ.4 
  Barcode: 27936
ห้องสมุดวิทยาเขตนครสวรรค์
►หนังสือทั่วไป:l:General Books
บนชั้น
5. วิทยาศาสตร์การแพทย์ และสุขภาพ
วิทยาศาสตร์การแพทย์ และสุขภาพ
WS300 T355 ฉ.5 
  Barcode: 27937
ห้องสมุดวิทยาเขตนครสวรรค์
►หนังสือทั่วไป:l:General Books
บนชั้น

รายการใกล้เคียง
    หัวเรื่อง [Hematologic diseases]
    หัวเรื่อง [Children]

BibComment


ยังไม่เคยถูกคอมเมนท์

คอมเมนท์ทรัพยากรรายการนี้
  คอมเมนท์: Textbook of beni..


 Copyright 2026. Bcnsprnw @Library